Foro Nacional Hacia un Auténtico Federalismo : 29, 30 y 31 de marzo de 1995 /

Gardado en:
Detalles Bibliográficos
Autor Corporativo: Foro Nacional hacia un Auténtico Federalismo ( Guadalajara, México)
Formato: Procedimiento de la conferencia Libro
Idioma:Lingua castelá
Publicado: México : Foro Nacional hacia un Auténtico Federalismo, 1995
Etiquetas: Engadir etiqueta
Sen Etiquetas, Sexa o primeiro en etiquetar este rexistro!

MARC

LEADER 00000nam^a2200000^a^4500
001 000562627
005 20250521000000.0
009 20260310131949.623
037 |a Acervo ITESO - Biblioteca 
041 |a ESP 
091 |a FGM. 01793 
111 |a Foro Nacional hacia un Auténtico Federalismo (  |n 1o :  |d 1995 :  |c Guadalajara, México) 
245 1 0 |a Foro Nacional Hacia un Auténtico Federalismo :  |b 29, 30 y 31 de marzo de 1995 / 
264 1 |a México :  |b Foro Nacional hacia un Auténtico Federalismo,  |c 1995 
300 |a 460 p. 
336 |a texto  |b txt  |2 rdacontenido 
337 |a sin mediación  |b n  |2 rdamedio 
338 |a volumen  |b nc  |2 rdasoporte 
649 |a XX 
910 |a Fondo Efraín González Morfín 
920 |a Impresos - Libros 
930 |a Fondos Especiales 
905 |a 130 
901 |a 0500386039  |b IT2  |c ESL  |i D93940  |u 20250521 
902 |a https://opac.biblio.iteso.mx/vufind/Record/000562627